| 000 | 01699nam a22004697a 4500 | ||
|---|---|---|---|
| 003 | OSt | ||
| 005 | 20230427105932.0 | ||
| 008 | 221006b |||||||| |||| 00| 0 eng d | ||
| 040 | _cBiblioteca Lado V | ||
| 082 |
_a700 _bC971c |
||
| 100 |
_9823 _aCummins, Alissandra _eeditor |
||
| 245 |
_aCahiers d'etudes/ _bStudy Series/ |
||
| 260 |
_bInternational Council of Museums _aParis _c2006 |
||
| 300 |
_c21x30cm _a32p. |
||
| 366 | _efre | ||
| 490 |
_a12 _v2006 _x1020-5543 |
||
| 505 | _tPreface | ||
| 505 | _tEditorial | ||
| 505 | _tDEONTOLOGIE ET THEORIE ETHIC AND THEORY | ||
| 505 | _tBeyond Management | ||
| 505 | _tThe Ethics of Museum Management | ||
| 505 | _tGOUVERNANCE ET LEADERSHIP | ||
| 505 | _tGouvernance and Management in U.K. Museums | ||
| 505 | _tCaribbean Museum Development | ||
| 505 | _tEl Museo Guggenheim Bilbao | ||
| 505 | _tFINANCE ET MARKETING | ||
| 505 | _tManaging Change in Newly Independent | ||
| 505 | _tHe Who Pays the Piper | ||
| 505 | _tManagement and Marketing | ||
| 505 | _tLe financement public et prive des musees au Canada | ||
| 505 | _tLeading the Modern Museum | ||
| 650 |
_2Tesauro de Arte & Arquitectura _aARTE _9703 |
||
| 650 |
_2Tesauro de Arte & Arquitectura _aEXPOSICIONES |
||
| 650 |
_2Tesauro de Arte & Arquitectura _aCULTURA |
||
| 650 |
_2Tesauro de Arte & Arquitectura _aAPRECIACION |
||
| 650 |
_2Tesauro de Arte & Arquitectura _aTEORIA |
||
| 650 |
_2Tesauro de Arte & Arquitectura _aVIDEO |
||
| 650 |
_2Tesauro de Arte & Arquitectura _aMUSICA _9702 |
||
| 650 |
_2Tesauro de Arte & Arquitectura _aLITERATURA |
||
| 650 |
_2Tesauro de Arte & Arquitectura _aFRANCIA |
||
| 942 |
_2ddc _c1 _h700 _iP453c _n0 |
||
| 999 |
_c3486 _d3486 |
||